MARC

LEADER 00000nam0a2200000 4500
001 276630
005 20231101234935.0
020 |a RU  |b 85-106795 
035 |a (RuTPU)RU\TPU\book\299903 
090 |a 276630 
100 |a 20141125d1985 km y0rusy5003 ca 
101 0 |a rus 
102 |a RU 
105 |a a z 000zy 
200 1 |a Технические системы: закономерности развития  |f А. Ф. Каменев 
210 |a Ленинград  |c Машиностроение  |d 1985 
215 |a 216 с.  |c ил. 
606 1 |a Техника  |2 stltpush  |3 (RuTPU)RU\TPU\subj\60019  |9 77509 
610 1 |a технические системы 
610 1 |a развитие 
610 1 |a характеристики 
610 1 |a прогнозирование 
610 1 |a оборудование 
610 1 |a научно-технический прогресс 
675 |a 62  |z rus  |v 4 
700 1 |a Каменев  |b А. Ф.  |g Александр Федорович  |4 070 
801 0 |a RU  |b RuMRKP  |c 19950704  |g psbo 
801 1 |a RU  |b 63413507  |c 20141125 
801 2 |a RU  |b 63413507  |c 20170404  |g RCR 
942 |c BK